Overwatch gun quiz - Statistics

General Stats
  • This quiz has been taken 1,420 times
  • The average score is 21 of 24
Answer Stats
gun name Answer % Correct
HellFire Shotguns Reaper
98%
Rocket Launcher Pharah
95%
Rocket Hammer Reinhardt
95%
Pulse Pistols Tracer
95%
Shuriken Genji
94%
Storm Bow Hanzo
94%
Widows kiss Assualt/Sniper WidowMaker
93%
Sonic Amplifier Lucio
92%
Caduceus Staff/Blaster Mercy
91%
Rivet gun/Forge Hammer torbjorn
91%
Heavy Pulse Rifle Soldier 76
90%
Scrap Gun RoadHog
89%
Orb of destruction Zenyatta
89%
Frag Launcher Junkrat
87%
Biotic Rifle Ana
86%
Configuration Sentry/Recon Bastion
86%
Photon Projector Symmetra
85%
Tesla Cannon Winston
85%
PeaceKeeper Mccree
83%
Machine Pistol Sombra
78%
Partical Cannon Zarya
78%
Endothermic Blaster Mei
74%
Fusion Cannons D.va
71%
Fusion Driver Orisa
62%
No matching quizzes found
Score Distribution
Percent of People with Each Score
Percentile by Number Answered
Your Score History
You have not taken this quiz